| 000 | 00950nam a2200301 i 4500 | ||
|---|---|---|---|
| 001 | 000045854 | ||
| 003 | DO-SdBNP | ||
| 005 | 20250210090624.0 | ||
| 008 | 150522s1981 dr 000 j spa d | ||
| 040 |
_aDO-SdBNP _bspa _cBNPHU _erda |
||
| 041 | _hspa | ||
| 082 | 4 |
_aRD863.44 _bR595cu _222 |
|
| 100 | 1 |
_aRisco Bermúdez, René del, _d1937-1972 _eautor _912315 |
|
| 245 | 1 | 0 |
_aCuentos y poemas completos / _cRené del Risco Bermúdez. |
| 264 |
_aSanto Domingo : _bTaller, _c1981. |
||
| 300 |
_a315 páginas ; _c21 cm. |
||
| 336 |
_ardacontent _btexto _2txt |
||
| 337 |
_ardamedia _bsin mediación _2n |
||
| 338 |
_ardacarrier _bvolumen _2nc |
||
| 490 | 1 |
_aBiblioteca taller _v123 |
|
| 590 | _aInventariado, 2018/VM | ||
| 650 | 0 |
_aCuentos dominicanos _9176 |
|
| 650 | 0 |
_aPoesía dominicana _966 |
|
| 650 | 0 |
_aLiteratura dominicana. _967 |
|
| 830 | 0 |
_aBiblioteca taller _v123 _9164 |
|
| 910 | _aValidado. Control de calidad MFF | ||
| 942 |
_2ddc _cLBS1 |
||
| 999 |
_c45343 _d45343 |
||